000 00600nam a2200241Ia 4500
003 OSt
005 20220918185125.0
006 a|||||r|||| 00| 0
007 ta
008 220917b |||||||| |||| 00| 0 eng d
024 _a49,674
037 _cTextual
040 _aARTS
_cARTS
_beng
041 _2eng
_aeng
082 _aP,36, L31
100 _aLakoff G
_967888
245 0 _aAdverbs and modal operators
260 _aIndiana
_bLinguistics
_c1973
300 _a14p.
_ccm.
650 _aLINGUISTICS
942 _hP,36, L31
_cTEXL
_2CC
999 _c179296
_d179296